Judaism A-Z - Statistics

General Stats
  • This quiz has been taken 745 times
  • The average score is 15 of 26
Answer Stats
Hint Answer % Correct
B Color often associated with Judaism Blue
96%
J Holiest city in Judaism Jerusalem
96%
D Biblical king of Israel David
95%
N Man whose family survives the biblical flood Noah
91%
A Patriarch of the Torah Abraham
88%
F Number of questions, sons, and glasses of wine at Passover Four
83%
Y Ashkenazi language Yiddish
82%
Q Bathsheba's title after marrying D Queen
80%
I The golden calf is an example of an Idol
70%
Z Synonym for J Zion
67%
E Queen who foils Haman's evil plan Esther
61%
X Second book of the Torah: Ex____ Exodus
60%
H Eaten with apples on Rosh Hashanah Honey
55%
C Braided bread Challah
53%
U Matzah is also known as ____ bread Unleavened
52%
S Weekly holiday celebrating the sabbath Shabbat
50%
P Holiday celebrating the story of E Purim
43%
V The Promised Land is described as "A land of wheat, and barley, and ___, and fig trees and pomegranates" Vines
38%
L Sephardic language Ladino
29%
M Hebrew word for a commandment Mitzvah
29%
G Poached fish often served on Passover Gefilte fish
28%
K Noodle or potato dish that can be sweet or savory Kugel
27%
T Name of the Hebrew bible (hint: not Torah) Tanakh
25%
W English translation of "Mayim" Water
23%
O Period between Passover and Shavuot (hint: the ritual "counting of the ___") Omer
17%
R Monthly holiday celebrating the first of the month Rosh Chodesh
14%
No matching quizzes found
Score Distribution
Percent of People with Each Score
Percentile by Number Answered
Your Score History
You have not taken this quiz